[Event "Gothenburg"]
[Site "Gothenburg"]
[Date "1971.??.??"]
[Round "1"]
[White "Romanishin, Oleg M"]
[Black "Pomar Salamanca, Arturo"]
[Result "1/2-1/2"]
[WhiteElo "2200"]
[BlackElo "2510"]

1.Nf3 d5 2.c4 c6 3.b3 Nf6 4.Bb2 g6 5.g3 Bg7 6.Bg2 Qb6 7.Qc1 Be6 8.Nd4 Nbd7
9.Nxe6 fxe6 10.O-O O-O 11.d3 Ng4 12.Bxg7 Kxg7 13.e3 Nde5 14.Qc3 Rxf2 15.Rxf2 Qxe3
16.Qd2 Qd4 17.Qb2 Qe3 18.Qd2 Qd4 19.Qb2  1/2-1/2

[Event "Mar del Plata"]
[Site "Mar del Plata"]
[Date "1971.??.??"]
[Round "10"]
[White "Gheorghiu, Florin"]
[Black "Pilnik, Herman"]
[Result "1/2-1/2"]
[WhiteElo "2530"]
[BlackElo "2420"]

1.Nf3 d5 2.c4 e6 3.g3 dxc4 4.Qa4+ Nd7 5.Qxc4 a6 6.Qc2 b5 7.Bg2 Bb7 8.O-O Ngf6
9.d4 Rc8 10.Bg5 c5 11.Qd1 h6 12.Bxf6 Nxf6 13.a4 Qb6 14.axb5 axb5 15.dxc5 Bxc5
16.e3 O-O 17.Qe2 Bd5 18.Nbd2 Rfd8 19.Rfc1 Bf8 20.Nd4 Rxc1+ 21.Rxc1  1/2-1/2

[Event "Novy Smokovec"]
[Site "Novy Smokovec"]
[Date "1971.??.??"]
[Round "4"]
[White "Gross, Stefan"]
[Black "Zilberstein, Valery I"]
[Result "0-1"]
[WhiteElo "2200"]
[BlackElo "2200"]

1.Nf3 d5 2.c4 e6 3.g3 g6 4.Bg2 Bg7 5.O-O Ne7 6.Qc2 O-O 7.d3 b6 8.Nbd2 c5
9.Rb1 Nbc6 10.a3 a5 11.b3 Ra7 12.e3 Rd7 13.Bb2 d4 14.e4 e5 15.Rbe1 Rd6 16.Ng5 Bh6
17.f4 Bd7 18.h4 Qb8 19.Bc1 f6 20.Nh3 Nd8 21.Nf3 Bg7 22.h5 gxh5 23.f5 b5 24.Bd2 Ra6
25.Rb1 Nec6 26.Rfc1 Rf7 27.Nh4 Be8 28.cxb5 Qxb5 29.Qc4 Rb6 30.Qd5 Qxd3 31.Bxa5 Rb8
32.Be1 Ne7 33.Qd6 Ndc6 34.Bf1 Qxe4 35.Bc4 Kh8 36.Nf2 Qe3 37.Bxf7 Bxf7 38.Rxc5 Rd8
39.Qc7 Qxg3+ 40.Ng2 Bh6 41.Rxc6 Rg8 42.Ng4 Be3+ 43.Nxe3 Qxe3+ 44.Kh2 Rxg2+
45.Kxg2 Bd5+ 46.Kf1 Qf3+ 47.Bf2 Nxc6 48.Qd6 Qd3+ 49.Ke1 Qxb1+ 50.Ke2 Qc2+
51.Ke1 Qc3+ 52.Kf1 Qd3+ 53.Ke1 Qe4+ 54.Kf1 Kg7 55.Qd7+ Kh6 56.Qd6 Qh1+ 57.Ke2 Bf3+  0-1

[Event "Rubinstein mem"]
[Site "Polanica Zdroj"]
[Date "1971.??.??"]
[Round "3"]
[White "Doda, Zbigniew"]
[Black "Estrin, Yacov"]
[Result "1-0"]
[WhiteElo "2430"]
[BlackElo "2400"]

1.Nf3 d5 2.c4 e6 3.g3 Nf6 4.Bg2 dxc4 5.Na3 c5 6.Nxc4 Nc6 7.O-O Be7 8.b3 O-O
9.Bb2 Nd5 10.d4 cxd4 11.Nxd4 Nxd4 12.Qxd4 Bf6 13.Qd2 Bxb2 14.Nxb2 b6 15.Rfd1 Bb7
16.e4 Nf6 17.Qb4 Qb8 18.f3 Rd8 19.Rxd8+ Qxd8 20.Rd1 Qc7 21.Nc4 Rd8 22.Rxd8+ Qxd8
23.Qd6 Qc8 24.h3 Nd7 25.Bf1 h6 26.Kf2 Ba6 27.Ke3 Bxc4 28.Bxc4 Qc5+ 29.Qxc5 Nxc5
30.b4 Nd7 31.Bb5 Nb8 32.Kd4 Kf8 33.f4 Ke7 34.e5 f6 35.a3 Nd7 36.exf6+ gxf6
37.g4 Nf8 38.Bd3 Nd7 39.Bb5 Nf8 40.Ke4 Kd6 41.Be8 Ke7 42.Ba4 Kd6 43.Bc2 Nd7
44.Kd4 Nb8 45.Be4 Nd7 46.Bd3 Kc7 47.h4 Kd8 48.g5 fxg5 49.fxg5 hxg5 50.hxg5 Ke7
51.Bc2 Kd6 52.Be4 Ke7 53.Kc4 a6 54.Kd4 Kd6 55.Bd3 Nb8 56.Be4 Nd7 57.Bd3 Nb8
58.g6 Ke7 59.b5 axb5 60.Bxb5 Kf6 61.g7 Kxg7 62.Ke5 Kf7 63.Kd6 e5 64.Be2 e4
65.Kc7 Ke6 66.Kxb8 Kd5 67.Kb7 Kc5 68.Ka6 Kc6 69.Bc4 Kc5 70.Bf1  1-0

[Event "Rubinstein mem"]
[Site "Polanica Zdroj"]
[Date "1971.??.??"]
[Round "7"]
[White "Espig, Lutz"]
[Black "Grabczewski, Romuald"]
[Result "1-0"]
[WhiteElo "2460"]
[BlackElo "2370"]

1.Nf3 d5 2.c4 d4 3.g3 Nc6 4.Bg2 g6 5.O-O Bg7 6.d3 e5 7.Na3 Nf6 8.b4 e4 9.Ng5 exd3
10.exd3 O-O 11.Nc2 Bg4 12.Qd2 Re8 13.h3 Bf5 14.Nf3 a5 15.b5 Nb4 16.Nxb4 axb4
17.Nh4 Bc8 18.Qxb4 Re2 19.a4 Nd7 20.Qb3 Nc5 21.Qd1 Re8 22.a5 g5 23.Nf3 g4
24.hxg4 Bxg4 25.Ba3 Nd7 26.Qd2 Ra7 27.Rfe1 Rxe1+ 28.Rxe1 Bf8 29.Bxf8 Nxf8
30.Ne5 Be6 31.a6 f6 32.axb7 fxe5 33.Rxe5 Qb8 34.Qg5+ Kf7 35.Bd5 Rxb7 36.Bxe6+ Nxe6
37.Qf5+ Kg7 38.Qxe6 Qd8 39.Rd5  1-0

[Event "Villa Gesell op"]
[Site "Villa Gesell"]
[Date "1971.??.??"]
[Round "6"]
[White "Panno, Oscar"]
[Black "Rossetto, Hector"]
[Result "1/2-1/2"]
[WhiteElo "2570"]
[BlackElo "2450"]

1.Nf3 d5 2.c4 c6 3.e3 Nf6 4.Nc3 g6 5.d4 Bg7 6.Bd3 O-O 7.O-O Bg4 8.h3 Bxf3
9.Qxf3 e6 10.Rd1 Nbd7 11.b3 Qa5 12.Bd2 Qd8 13.Rac1 Re8 14.Bf1 Qe7 15.Qg3 Rac8
16.b4 dxc4 17.Bxc4 Nb6 18.Bd3 Nbd5 19.a3 Nxc3 20.Bxc3 Nd5 21.Bb2 a6 22.Bc4 Rcd8
23.Qf3 Rd7 24.Rc2 Red8 25.Bb3 Nc7 26.Rcc1 Nd5 27.g3 Nc7 28.Kg2 Nd5  1/2-1/2

[Event "Buenos Aires CA"]
[Site "Buenos Aires"]
[Date "1972.??.??"]
[Round "11"]
[White "Garcia, Raimundo"]
[Black "Cuasnicu, Oscar"]
[Result "1/2-1/2"]
[WhiteElo "2420"]
[BlackElo "2370"]

1.Nf3 d5 2.c4 e6 3.g3 Nf6 4.Bg2 Be7 5.O-O O-O 6.d4 dxc4 7.Ne5 c5 8.dxc5 Qc7
9.Nxc4 Qxc5 10.b3 Rd8 11.Nbd2 Qh5 12.e3 Nc6 13.Qxh5 Nxh5 14.Bb2 Bd7 15.Ne4 f5
16.Ned6 Rab8 17.Rfd1 Nf6 18.Rac1 Ne8 19.e4 b5 20.Nxe8 Bxe8 21.Ne3 Rxd1+ 22.Rxd1 fxe4
23.Bxe4 a5 24.Rc1 Rb6 25.a3 Bf6 26.Bxf6 gxf6 27.f4 f5 28.Bxc6 Bxc6 29.Rc5 Kf7
30.Nc2 Ke7 31.Nd4 Bd7 32.Kf2 Kd6 33.Re5 Rb8 34.Ke3 h5 35.Kf2 a4 36.b4 Rc8
37.Nxb5+ Bxb5 38.Rxb5 Rc2+ 39.Ke3 Rc3+ 40.Kd4 Rxa3 41.Rb6+ Kd7 42.Ra6 Ra2
43.Ke5 Rxh2 44.Rxa4 Re2+ 45.Kf6 Re3 46.Ra7+ Kc6 47.Rh7 Kd5 48.Rd7+ Ke4 49.Kxe6 Rxg3  1/2-1/2

[Event "WchT U26"]
[Site "Graz"]
[Date "1972.??.??"]
[Round "2"]
[White "Vadasz, Laszlo"]
[Black "Vokoun, Jan"]
[Result "1-0"]
[WhiteElo "2380"]
[BlackElo "2200"]

1.Nf3 d5 2.c4 c6 3.Qc2 Nf6 4.g3 e6 5.Bg2 Be7 6.O-O O-O 7.d4 Ne4 8.Nbd2 f5
9.Ne5 Nd7 10.Nd3 Bf6 11.Nf3 g5 12.b3 Kg7 13.Nfe5 Be7 14.c5 h6 15.f3 Nef6
16.Rb1 Nxe5 17.dxe5 Ne8 18.Bb2 Kg8 19.Rbd1 Bd7 20.Bd4 Ng7 21.Nf2 Be8 22.b4 Qd7
23.Rb1 h5 24.e3 Kh7 25.a4 a6 26.Rb2 Rc8 27.Nd3 Rh8 28.Rfb1 Kg8 29.h3 Bd8
30.Nf2 Qf7 31.Qd1 Qg6 32.Bf1 g4 33.Nd3 gxh3 34.Kh2 h4 35.g4 fxg4 36.fxg4 Bg5
37.Rf2 Rc7 38.Rf6 Bxf6 39.exf6 Nh5 40.Be5 Rf7 41.gxh5 Rxh5 42.Qf3 Rfh7 43.Qxh3 Rxe5
44.Nxe5 Qxf6 45.Qg4+ Kf8 46.Qf4 Ke7 47.Bd3 Rg7 48.Rf1 Qxf4+ 49.exf4 Bh5 50.Rg1 Rxg1
51.Kxg1 a5 52.bxa5 Bd1 53.a6 bxa6 54.a5  1-0

[Event "NLD-ch"]
[Site "Leeuwarden"]
[Date "1972.??.??"]
[Round "2"]
[White "Langeweg, Kick"]
[Black "Zuidema, Coenraad"]
[Result "1/2-1/2"]
[WhiteElo "2425"]
[BlackElo "2430"]

1.Nf3 d5 2.c4 c6 3.e3 Nf6 4.Nc3 Nbd7 5.cxd5 cxd5 6.d4 e6 7.Bd3 Bd6 8.O-O O-O
9.b3 a6 10.Bb2 b5 11.a4 b4 12.Ne2 a5 13.Rc1 Ba6 14.Rc6 Nb8 15.Rc2 Qb6 16.Ne5 Ra7  1/2-1/2

[Event "URS-chT Moscow"]
[Site "Moscow"]
[Date "1972.??.??"]
[Round "?"]
[White "Savon, Vladimir A"]
[Black "Kortschnoj, Viktor"]
[Result "1-0"]
[WhiteElo "2595"]
[BlackElo "2640"]

1.Nf3 d5 2.c4 d4 3.g3 g6 4.b4 Bg7 5.d3 b6 6.Bg2 Bb7 7.O-O Nf6 8.Bb2 c5 9.bxc5 bxc5
10.Nbd2 Qc7 11.Rb1 O-O 12.Bc1 Bc6 13.Nb3 Nbd7 14.Bf4 Qd8 15.Qc1 Ne8 16.Qa3 e5
17.Bd2 Rc8 18.Na5 Ba8 19.Nb7 Qe7 20.Qxa7 Ndf6 21.Qa6 e4 22.Ng5 exd3 23.exd3 Qe2
24.Bf4 h6 25.Ne4 Nxe4 26.Bxe4 g5 27.Be5 Nc7 28.Bxc7 Rxc7 29.Qb6 Rfc8 30.Rb2 Qg4
31.a4 Qd7 32.a5 Bf8 33.a6 Re8 34.Bd5 Rcc8 35.Rb5 Qf5 36.Be4 Rxe4 37.dxe4 Qxe4
38.Rbb1 Rc6 39.Qb5 Qg6 40.Ra1 Kg7 41.Rfe1 Rb6 42.Qd7 Rxa6 43.Rxa6 Qxa6 44.Nd8 Qxc4
45.Ne6+ Kg8 46.Nxf8 Qc3 47.Qe8 Qf3 48.Nd7+ Kg7 49.Qe5+ Kg6 50.Nf8+ Kh5 51.g4+ Qxg4+
52.Qg3 Qf5 53.f3 Qxf3 54.Qxf3+ Bxf3 55.Kf2  1-0

[Event "URS-chT Moscow"]
[Site "Moscow"]
[Date "1972.??.??"]
[Round "?"]
[White "Grigorian, Levon Ashotovich"]
[Black "Seredenko, Vladimir"]
[Result "0-1"]
[WhiteElo "2490"]
[BlackElo "2410"]

1.Nf3 d5 2.c4 c6 3.e3 Nf6 4.Nc3 g6 5.Be2 Bg7 6.O-O O-O 7.b3 Ne4 8.Bb2 dxc4
9.Bxc4 Bg4 10.d4 Ng5 11.Be2 Nxf3+ 12.Bxf3 Bxf3 13.Qxf3 Nd7 14.Rfd1 Qa5 15.Ne4 Rad8
16.a4 Qd5 17.Ba3 Rfe8 18.Rab1 f5 19.Ng5 Qxf3 20.gxf3 e6 21.f4 Nf6 22.Bb4 Rd5
23.Rdc1 h6 24.Nf3 Ne4 25.h4 Bf6 26.Kf1 Kf7 27.Ke2 Rg8 28.Be1 g5 29.hxg5 hxg5
30.fxg5 Nxg5 31.b4 Ne4 32.b5 c5 33.dxc5 Nxc5 34.Bb4 b6 35.Bxc5 bxc5 36.Nd2 Rg4
37.Nc4 f4 38.e4 Rd4 39.a5 Rh4 40.b6 Rh3 41.f3 axb6 42.a6 Rh2+ 43.Kf1 Rd8
44.e5 Be7 45.Nxb6 Rdd2 46.Kg1 Rdg2+ 47.Kf1 Ra2 48.Kg1 Rh3 49.Ra1 Rah2 50.Kf1 Rb2
51.Kg1 c4 52.Rxc4 Rg3+ 53.Kh1 Rxf3 54.a7 Rh3+ 55.Kg1 Bc5+ 56.Rxc5 f3  0-1

[Event "URS-chT Moscow"]
[Site "Moscow"]
[Date "1972.??.??"]
[Round "?"]
[White "Nikolaevsky, Yuri V"]
[Black "Balashov, Yuri S"]
[Result "1/2-1/2"]
[WhiteElo "2480"]
[BlackElo "2560"]

1.Nf3 d5 2.c4 e6 3.cxd5 exd5 4.d4 Nf6 5.Nc3 c6 6.Bg5 Bf5 7.e3 Nbd7 8.Bd3 Bxd3
9.Qxd3 Bd6 10.O-O O-O 11.Rab1 a5 12.Rfc1 Re8 13.Na4 h6 14.Bh4 Qe7 15.Qc2 Qe6
16.Nc5 Bxc5 17.dxc5 Ne4 18.Nd4 Qg6 19.f3 Nexc5 20.Nf5 Kh8 21.Bg3 Ne5 22.Rd1 Ncd3
23.Nh4 Qh7 24.f4 g5 25.fxe5 gxh4 26.Bxh4 Nxe5 27.Bf6+ Kg8 28.Qc3 Ng4 29.Bd4 Qe4
30.Re1 Re6 31.Rbd1 Rg6 32.Re2 Re8 33.Rf1 Ne5 34.Ref2 Nc4 35.Rf3 Nd6 36.Qxa5 Nb5  1/2-1/2

[Event "Skopje ol (Men) fin-A"]
[Site "Skopje"]
[Date "1972.??.??"]
[Round "1"]
[White "Bilek, Istvan"]
[Black "Kortschnoj, Viktor"]
[Result "1-0"]
[WhiteElo "2485"]
[BlackElo "2640"]

1.Nf3 d5 2.c4 d4 3.g3 Nc6 4.Bg2 e5 5.d3 Bb4+ 6.Nbd2 a5 7.O-O Nf6 8.Ne1 O-O
9.Nc2 Be7 10.a3 Nd7 11.b3 Nc5 12.Rb1 Bg4 13.Ne4 Na6 14.f4 exf4 15.Rxf4 Be6
16.Qe1 f5 17.Nd2 g5 18.Rf1 Nab8 19.e3 Bf6 20.exd4 Nxd4 21.Nxd4 Bxd4+ 22.Kh1 Re8
23.Nf3 Bf6 24.Qd2 h6 25.d4 c6 26.Bb2 Bf7 27.Qc2 Be6 28.Rbd1 Na6 29.Rfe1 Kg7
30.d5 cxd5 31.cxd5 Bd7 32.Rxe8 Bxe8 33.Nd4 Bd7 34.Ne6+ Bxe6 35.dxe6 Qc8  1-0

[Event "Skopje ol (Men) fin-B"]
[Site "Skopje"]
[Date "1972.??.??"]
[Round "2"]
[White "Balshan, Amikam"]
[Black "Cappello, Guido"]
[Result "1-0"]
[WhiteElo "2200"]
[BlackElo "2215"]

1.Nf3 d5 2.c4 d4 3.b4 g6 4.Bb2 Bg7 5.d3 e5 6.g3 Ne7 7.Bg2 O-O 8.O-O Nf5 9.Nbd2 Qe7
10.b5 c5 11.bxc6 Nxc6 12.Qa4 Qc7 13.Ba3 Rd8 14.Ne4 Nfe7 15.Rab1 Rb8 16.Nc5 Bf8
17.Bc1 h6 18.Bd2 Kg7 19.Qb5 f6 20.Ne1 a6 21.Qb6 Qxb6 22.Rxb6 Ng8 23.Nb3 Bg4
24.f3 Bd7 25.Nc2 Bd6 26.Na5 Bc7 27.Nxc6 Bxc6 28.Rbb1 a5 29.Na3 Rd7 30.Nb5 Bd8
31.Na7 Ra8 32.Nxc6 bxc6 33.f4 Ne7 34.fxe5 fxe5 35.Bh3 Rd6 36.Rb7 g5 37.Rf5 Re6
38.Rxg5+ hxg5 39.Bxe6 Kf6 40.Bg4 Nf5 41.Rb1 Ne3 42.Bf3 Ra6 43.Bxe3 dxe3 44.Rb8 Ke7
45.h3 a4 46.Kg2 Ke6 47.Bg4+ Ke7 48.Kf3 Bc7 49.Rb7 Kd8 50.Kxe3 e4 51.Kxe4 Bxg3
52.d4 c5 53.dxc5 Bc7 54.Kd5 Ra8 55.e4 Rb8 56.Ra7 Rb2 57.Rxa4 Rd2+ 58.Kc6 Bf4
59.Ra7 Rc2 60.a4 Rxc4 61.Kd5 Rxc5+ 62.Kxc5 Be3+ 63.Kc6 Bxa7 64.a5  1-0

[Event "Skopje ol (Men) prel"]
[Site "Skopje"]
[Date "1972.??.??"]
[Round "5"]
[White "German, Eugenio Maciel"]
[Black "Shorbagay"]
[Result "1-0"]
[WhiteElo "2200"]
[BlackElo "2200"]

1.Nf3 d5 2.c4 e6 3.d4 Nf6 4.Nc3 Be7 5.Bg5 O-O 6.e3 c6 7.Bd3 Nbd7 8.O-O Re8
9.Qc2 h6 10.Bf4 Nf8 11.Rad1 Nh5 12.Be5 Bd6 13.Rfe1 Nf6 14.e4 dxe4 15.Nxe4 Nxe4
16.Bxe4 Qc7 17.c5 Bxe5 18.dxe5 Nd7 19.Qc3 Nf8 20.Rd6 Bd7 21.Red1 Re7 22.h4 Rae8
23.b4 Bc8 24.Nh2 Nd7 25.Ng4 Kh8 26.Bc2 Nf8 27.Qe3 h5 28.Nf6 Bd7 29.Qg5  1-0

[Event "Skopje ol (Men) fin-A"]
[Site "Skopje"]
[Date "1972.??.??"]
[Round "12"]
[White "Huebner, Robert"]
[Black "Medina Garcia, Antonio Angel"]
[Result "1-0"]
[WhiteElo "2590"]
[BlackElo "2380"]

1.Nf3 d5 2.c4 e6 3.g3 Nf6 4.Bg2 Be7 5.O-O O-O 6.d4 Nbd7 7.Qc2 b6 8.cxd5 Nxd5
9.e4 Nb4 10.Qc3 Bb7 11.a3 Na6 12.Qe3 c5 13.Rd1 Qc7 14.Nc3 cxd4 15.Nxd4 Rad8
16.Qe2 Qb8 17.Be3 Qa8 18.f3 Nc7 19.Rac1 a6 20.Bh3 Bf6 21.Na4 Qb8 22.Nb3 Na8
23.Bg2 b5 24.Nac5 Nxc5 25.Nxc5 Bc8 26.b3 Nb6 27.a4 Nd7 28.axb5 axb5 29.Bf1 b4
30.Na4 Ne5 31.Rxd8 Rxd8 32.f4 Nd7 33.Qb5 Be7 34.Qa5 Bb7 35.Rc7 Kf8 36.e5 Qa8
37.Qb5 Bc8 38.Nc5 Qf3 39.Bf2 Nxc5 40.Bxc5  1-0

[Event "Skopje ol (Men) fin-A"]
[Site "Skopje"]
[Date "1972.??.??"]
[Round "12"]
[White "Schmidt, Wlodzimierz"]
[Black "Hort, Vlastimil"]
[Result "1/2-1/2"]
[WhiteElo "2450"]
[BlackElo "2600"]

1.Nf3 d5 2.c4 e6 3.g3 Nf6 4.Bg2 Be7 5.O-O O-O 6.d4 b6 7.Nc3 Bb7 8.Ne5 c6
9.e4 dxc4 10.Nxc4 b5 11.Ne5 b4 12.Na4 Ba6 13.Re1 Bb5 14.Nc5 Nfd7 15.Ncxd7 Nxd7
16.Nxd7 Qxd7 17.Be3 a5 18.Rc1 Rac8 19.e5 Rfd8 20.Be4 Qc7 21.Qc2 g6 22.h4 f5
23.exf6 Bxf6 24.Red1 Qg7 25.Qb3 Kh8 26.Qxe6 Re8 27.Qg4 Qe7 28.Bg2 Rc7 29.d5 cxd5
30.Rxc7 Qxc7 31.Rxd5 Qc4 32.Bd4 Bxd4 33.Rxd4 Qxa2 34.Qg5 Qb1+ 35.Kh2 Qf5
36.Qxf5 gxf5 37.Rd5 Rb8 38.Rxf5 a4 39.Be4 a3 40.bxa3 bxa3 41.Rf7  1/2-1/2

[Event "Skopje ol (Men) fin-B"]
[Site "Skopje"]
[Date "1972.??.??"]
[Round "12"]
[White "Balshan, Amikam"]
[Black "Amos, Bruce M"]
[Result "1/2-1/2"]
[WhiteElo "2200"]
[BlackElo "2415"]

1.Nf3 d5 2.c4 e6 3.b3 Nf6 4.g3 Be7 5.Bb2 O-O 6.Bg2 c5 7.O-O Nc6 8.cxd5 Nxd5
9.Nc3 Bf6 10.Qc1 Rb8 11.Ne4 Bxb2 12.Qxb2 b6 13.Rac1 Bb7 14.Rfd1 Qe7 15.d4 Nxd4
16.Nxd4 cxd4 17.Rxd4 Rbc8 18.Rdd1 Rfd8  1/2-1/2

[Event "Skopje ol (Men) fin-D"]
[Site "Skopje"]
[Date "1972.??.??"]
[Round "14"]
[White "Raizman, Maurice"]
[Black "Nashed, Mohamad Kamal"]
[Result "1-0"]
[WhiteElo "2200"]
[BlackElo "2200"]

1.Nf3 d5 2.c4 Nf6 3.cxd5 Nxd5 4.e4 Nb6 5.d4 Bg4 6.Be2 e6 7.O-O Be7 8.Nc3 O-O
9.a4 a5 10.Bf4 Bd6 11.Bxd6 Qxd6 12.Nb5 Qe7 13.Qd2 c6 14.Nc3 Na6 15.Qf4 Bxf3
16.Qxf3 Nb4 17.Rad1 Rad8 18.Rd2 Rd7 19.Qe3 Rfd8 20.Rfd1 Na8 21.Qg3 Nc7 22.Bc4 g6
23.h4 h5 24.e5 Kg7 25.Ne4 Ne8 26.Be2 Kh6 27.Qh3 Nd5 28.g4 hxg4 29.Qxg4 Ng7
30.Nf6 Nf5 31.Qg5+ Kg7 32.Nxd7 Qxg5+ 33.hxg5 Rxd7 34.Bg4 Kf8 35.Kg2 Ke7 36.Kf3 Nh4+
37.Ke4 Nf5 38.Bxf5 exf5+ 39.Kf3 Ke6 40.Rc1 Nb4 41.Ke3 Nd5+ 42.Kd3 Nf4+ 43.Kc4 Nh3
44.Rh1 Nxg5 45.Rh8 Rd5 46.Rb8 Rd7 47.Re8+ Re7 48.Rxe7+ Kxe7 49.d5 cxd5+ 50.Kxd5 Ne4
51.Rc2 Kd7 52.f3 Ng5 53.Rc3 Ne6 54.Kc4 Kc6 55.Rd3 g5 56.Rd6+ Kc7 57.Kb5 b6
58.Rc6+ Kd7 59.Kxb6 g4 60.fxg4 fxg4 61.Rd6+ Ke7 62.Rd3 f5 63.exf6+ Kxf6 64.Rg3 Ke5
65.Kxa5 Kf4 66.Rg1 Nd4 67.Kb6 Ne2 68.Rxg4+ Kxg4 69.a5 Nf4 70.a6 Nd5+ 71.Kb7  1-0

[Event "Stary Smokovec"]
[Site "Stary Smokovec"]
[Date "1972.??.??"]
[Round "2"]
[White "Timoshchenko, Gennadi A"]
[Black "Kostro, Jerzy"]
[Result "1/2-1/2"]
[WhiteElo "2380"]
[BlackElo "2385"]

1.Nf3 d5 2.c4 c6 3.d4 Nf6 4.e3 Bf5 5.Qb3 Qc7 6.Nc3 e6 7.Bd2 h6 8.Rc1 Qb6
9.c5 Qxb3 10.axb3 Nbd7 11.b4 a6 12.Ra1 Rc8 13.Be2 Be7 14.O-O Ne4 15.Nxe4 dxe4
16.Ne5 Nxe5 17.dxe5 O-O 18.Bc3 Rfd8 19.Rfd1 Rxd1+ 20.Rxd1 Rd8 21.Rxd8+ Bxd8
22.h3 Kf8 23.Kf1  1/2-1/2

[Event "SWE-ch"]
[Site "?"]
[Date "1972.??.??"]
[Round "5"]
[White "Eslon, Jaan"]
[Black "Ek, Hans"]
[Result "0-1"]
[WhiteElo "2200"]
[BlackElo "2330"]

1.Nf3 d5 2.c4 c6 3.d4 Nf6 4.e3 e6 5.Nbd2 c5 6.b3 Nc6 7.Bb2 Be7 8.Bd3 O-O
9.O-O b6 10.Rc1 Bb7 11.Qe2 Rc8 12.Rfd1 Rc7 13.Bb1 Rd7 14.Ne5 Nxe5 15.dxe5 Ne4
16.Nf1 f5 17.exf6 Nxf6 18.Ng3 Qe8 19.Qc2 g6 20.Qc3 Qf7 21.Rd2 h5 22.Qe5 d4
23.exd4 Ng4 24.Qe2 Bg5 25.d5 Bxd2 26.Qxd2 Qxf2+ 27.Qxf2 Rxf2 28.Bc3 exd5
29.cxd5 Bxd5 30.Be4 Bxe4 31.Nxe4 Re2 32.Ng5 Rd3 33.Kf1 Rxa2 34.Ne4 Ne3+ 35.Kg1 Rxg2+
36.Kh1 Rc2 37.Rg1 Rdxc3  0-1

[Event "JUG-ch"]
[Site "Umag"]
[Date "1972.??.??"]
[Round "7"]
[White "Bukic, Enver"]
[Black "Cvetkovic, Srdjan"]
[Result "1/2-1/2"]
[WhiteElo "2455"]
[BlackElo "2460"]

1.Nf3 d5 2.c4 Nf6 3.cxd5 Nxd5 4.d4 g6 5.e4 Nb6 6.h3 Bg7 7.Be2 O-O 8.Nc3 a5
9.O-O a4 10.Be3 c6 11.Qc2 f5 12.Rad1 fxe4 13.Qxe4 N8d7 14.Qh4 Nf6 15.Bh6 Bxh6
16.Qxh6 Rf7 17.a3 Qf8 18.Qxf8+ Rxf8 19.Rfe1 Rd8 20.Bf1 Kf8 21.Ne5 Bf5 22.Rd2 h5
23.g3 Rd6 24.f3 g5 25.g4 Bh7  1/2-1/2

[Event "Hoogovens"]
[Site "Wijk aan Zee"]
[Date "1972.??.??"]
[Round "13"]
[White "Benko, Pal C"]
[Black "Ivkov, Borislav"]
[Result "1/2-1/2"]
[WhiteElo "2515"]
[BlackElo "2560"]

1.Nf3 d5 2.c4 e6 3.d4 c5 4.e3 Nf6 5.Nc3 Nc6 6.a3 Ne4 7.Qc2 Nxc3 8.bxc3 Be7
9.Bb2 O-O 10.Bd3 h6 11.O-O Na5 12.Nd2 dxc4 13.Nxc4 Nxc4 14.Bxc4 b6 15.Rfd1 cxd4
16.cxd4 Bb7 17.Qe2 Rc8 18.Rac1 Bd6  1/2-1/2

[Event "Australia op"]
[Site "Australia"]
[Date "1973.??.??"]
[Round "4"]
[White "Rozen, R."]
[Black "Turner, P."]
[Result "0-1"]
[WhiteElo "2200"]
[BlackElo "2200"]

1.Nf3 d5 2.c4 Nf6 3.e3 Bg4 4.h3 Bh5 5.d4 e6 6.Nc3 c5 7.cxd5 Nxd5 8.g4 Bg6
9.Qa4+ Nc6 10.Ne5 Qb6 11.Nxd5 exd5 12.Nxg6 fxg6 13.Bg2 Rd8 14.dxc5 Bxc5 15.O-O O-O
16.Qc2 Ne5 17.b3 Nf3+ 18.Kh1 Qd6 19.Bxf3 Rxf3 20.Kg2 Rdf8 21.Bb2 Bxe3 22.Ba3 Qf4
23.Bxf8 Rxh3 24.Kxh3 Qf3+ 25.Kh2 Bf4+ 26.Kg1 Qxg4+  0-1

[Event "Buenos Aires CA"]
[Site "Buenos Aires"]
[Date "1973.??.??"]
[Round "9"]
[White "Garcia, Raimundo"]
[Black "Pilnik, Herman"]
[Result "1-0"]
[WhiteElo "2455"]
[BlackElo "2450"]

1.Nf3 d5 2.c4 dxc4 3.e3 Nf6 4.Bxc4 e6 5.O-O a6 6.a4 c5 7.d4 b6 8.Qe2 Bb7
9.Rd1 Qc7 10.Nc3 Nc6 11.d5 exd5 12.Bxd5 Nb4 13.Bxb7 Qxb7 14.e4 Be7 15.e5 Nd7
16.e6 fxe6 17.Qxe6 Qc6 18.Qe2 Kf8 19.Bf4 Re8 20.Re1 Qc8 21.Rad1 Bf6 22.Qc4 Rxe1+
23.Rxe1 Qc6 24.Re6 b5 25.Qe2 Qc8 26.Bd6+ Kf7 27.Re7+ Bxe7 28.Qxe7+ Kg6 29.Nh4+ Kh5
30.g4+ Kxg4 31.Qxg7+  1-0

[Event "CSR-ch"]
[Site "Luhacovice"]
[Date "1973.??.??"]
[Round "9"]
[White "Jansa, Vlastimil"]
[Black "Estevez, Guillermo"]
[Result "0-1"]
[WhiteElo "2480"]
[BlackElo "2395"]

1.Nf3 d5 2.c4 dxc4 3.Na3 Nf6 4.Nxc4 g6 5.b4 Bg7 6.Bb2 O-O 7.g3 Be6 8.Qc2 Bxc4
9.Qxc4 Nbd7 10.Bg2 c6 11.O-O Nb6 12.Qc2 Nbd5 13.Rab1 a6 14.a3 Nd7 15.Bxg7 Kxg7
16.Nd4 e5 17.Nb3 N7f6 18.e4 Nc7 19.f4 exf4 20.gxf4 Kg8 21.f5 Nb5 22.Qb2 Nh5
23.d4 Qg5 24.Kh1 Nf4 25.Bf3 Rad8 26.Rbd1 Nh5 27.Rg1 Qh4 28.a4 Nd6 29.Qe2 Nf4
30.Qe3 Nh3 31.Rg2 Nc4 32.Qc1 Nf2+ 33.Rxf2 Qxf2 34.Rf1 Qb2 35.Qxc4 b5 36.axb5 cxb5
37.Qd3 Rc8 38.Nc5 Qxb4 39.f6 Rfd8 40.Nxa6 Qa4 41.Qe3 Qxa6 42.e5 b4 43.Be2 Qc6+
44.Bf3 Qc4 45.Bg2 Kh8 46.Qh6 Rg8 47.d5 b3 48.e6 b2 49.exf7 Qxf1+ 50.Bxf1 b1=Q
51.fxg8=Q+ Rxg8 52.Qf4 Rf8 53.f7 Qa1 54.d6 Kg7 55.d7 Rxf7 56.d8=Q Rxf4 57.Qc7+ Rf7  0-1

[Event "CSR-ch"]
[Site "Luhacovice"]
[Date "1973.??.??"]
[Round "9"]
[White "Doda, Zbigniew"]
[Black "Malich, Burkhard"]
[Result "1/2-1/2"]
[WhiteElo "2390"]
[BlackElo "2490"]

1.Nf3 d5 2.c4 c6 3.g3 Nf6 4.Bg2 Bg4 5.cxd5 Bxf3 6.Bxf3 cxd5 7.O-O Nc6 8.d3 e6
9.Bg2 Be7 10.Nc3 O-O 11.Bd2 Qd7 12.a3 Rfd8 13.Rc1 Rac8 14.Re1 h6 15.Na4 b6
16.Nc3 Nb8 17.Bf4 Nc6 18.Bd2 Ne5 19.Qb3 Ng6 20.Qb5 Qb7 21.a4 Rc5 22.Qb3 Qd7
23.Nb5 Rdc8 24.Be3 Rxc1 25.Rxc1 Rxc1+ 26.Bxc1 Bc5 27.d4 Bf8 28.Bd2 Ne7 29.Bb4 Nc6
30.Bxf8 Kxf8 31.e3 g5 32.h3 Kg7 33.Qc2 a6 34.Nc3 Nb4 35.Qb3 a5 36.Bf1 Qc7  1/2-1/2

[Event "Netanya-B"]
[Site "Netanya"]
[Date "1973.??.??"]
[Round "1"]
[White "Dudakov, Shaul"]
[Black "Rosenberg, Arie"]
[Result "1-0"]
[WhiteElo "2200"]
[BlackElo "2200"]

1.Nf3 d5 2.c4 dxc4 3.e3 Bg4 4.Bxc4 e6 5.Qb3 Bxf3 6.gxf3 b6 7.d4 Nf6 8.Rg1 g6
9.f4 c5 10.Nc3 cxd4 11.exd4 Be7 12.f5 Qd6 13.fxe6 Qxh2 14.exf7+ Kf8 15.Ne2 Kg7
16.Bf4 Qh4 17.O-O-O Rc8 18.Rh1 Qg4 19.Kb1 Nc6 20.Qe3 Qf5+ 21.Bd3 Qa5 22.Qe6 Qd5
23.Bh6+ Kh8 24.Nf4 Qxe6 25.Nxe6 Bf8 26.Bxf8 Rxf8 27.Bxg6 Ne7 28.Nxf8 Rxf8
29.Bh5 Nxh5 30.Rxh5 Rxf7 31.d5 Ng6 32.d6 Rd7 33.Rf5 Kg7 34.Kc2 Nh4 35.Rf4 Ng6
36.Rc4 Kf6 37.Rc7 Ke6 38.Rxd7 Kxd7 39.Rh1  1-0

[Event "ARG-ch"]
[Site "Santa Fe"]
[Date "1973.??.??"]
[Round "7"]
[White "Szmetan, Jorge"]
[Black "Rebizzo, Cayetano"]
[Result "0-1"]
[WhiteElo "2390"]
[BlackElo "2200"]

1.Nf3 d5 2.c4 d4 3.e3 Nc6 4.exd4 Nxd4 5.Nxd4 Qxd4 6.d3 Bg4 7.f3 Bf5 8.g4 Bg6
9.Qa4+ c6 10.Nc3 Bxd3 11.Bxd3 Qxd3 12.Kf2 e6 13.Rd1 Bc5+ 14.Kg2 Qg6 15.b4 Bb6
16.Bf4 Ne7 17.Kh1 Qf6 18.Ne2 g5 19.c5 Bd8 20.b5 gxf4 21.bxc6 Nxc6 22.Qb5 Rb8
23.Nd4 a6 24.Qa4 Rc8 25.Rab1 O-O 26.Rxb7 Nxd4 27.Rxd4 Rxc5 28.Rbd7 Rc1+ 29.Kg2 Bb6
30.Rxf4 Rg1+  0-1

[Event "ARG-ch"]
[Site "Santa Fe"]
[Date "1973.??.??"]
[Round "10"]
[White "Garcia, Raimundo"]
[Black "Hase, Juan C"]
[Result "1/2-1/2"]
[WhiteElo "2455"]
[BlackElo "2420"]

1.Nf3 d5 2.c4 c6 3.d4 Nf6 4.cxd5 cxd5 5.Nc3 Nc6 6.Bf4 e6 7.e3 Bd6 8.Bg3 O-O
9.Bd3 a6 10.Rc1 Qe7 11.Bh4 Qd8 12.O-O Be7 13.Bb1 Bd7 14.Ne5 Ne8 15.Bxe7 Nxe7
16.Qh5 g6 17.Qh3 f6 18.Nxd7 Qxd7 19.e4 Rd8 20.Rfd1 Nd6 21.exd5 Nxd5 22.Nxd5 exd5
23.Qf3 Nc4 24.b3 Na5 25.h4 Nc6 26.g3 Kg7 27.Kg2 Rfe8 28.h5 Qe6 29.Rc3 Qe2
30.hxg6 hxg6 31.Rcc1 Qxf3+ 32.Kxf3 Re6 33.a3 Rde8 34.Rc5 Re1 35.Rxe1 Rxe1
36.Bd3 Nxd4+ 37.Kg2 Re7 38.Rxd5 Nc6 39.b4 Ne5 40.Be2 g5  1/2-1/2

[Event "Sao Paulo"]
[Site "Sao Paulo"]
[Date "1973.??.??"]
[Round "6"]
[White "Panno, Oscar"]
[Black "Segal, Alexandru Sorin"]
[Result "1-0"]
[WhiteElo "2585"]
[BlackElo "2340"]

1.Nf3 d5 2.c4 e6 3.g3 Nf6 4.Bg2 Be7 5.O-O O-O 6.d4 Nbd7 7.Qc2 c6 8.b3 b6
9.Rd1 Bb7 10.Nc3 Rc8 11.e4 dxe4 12.Nxe4 Nxe4 13.Qxe4 Nf6 14.Qe2 Qc7 15.Bf4 Bd6
16.Ne5 Nd7 17.c5 Bxe5 18.Bxe5 Qd8 19.a4 Nb8 20.a5 bxa5 21.Qg4 g6 22.Qf4 Nd7
23.Bd6 Re8 24.Qd2 Nf6 25.Rxa5 a6 26.Rda1 Nd5 27.Bf1 Qf6 28.b4 Red8 29.Be5 Qf5
30.Bd3 Qh5 31.Be2 Qf5 32.R5a3 Nf6 33.Qh6 Ne8 34.g4 Qc2 35.Qxh7+ Kf8 36.Rf3 Rd7
37.Bd3 Qc3 38.Rd1 Qb3 39.Re1 Qxb4 40.Ree3  1-0